000 01042nam a22002537a 4500
005 20080605124127.0
006 a|||||r|||||00| 0
007 ta
008 080605t xxu||||| |||| 00| 0 eng d
010 _aB-263670
020 _a075546625X
_c135.00
035 _aB-263670
037 _a562
_bStar Book Point/4.5.08/4/8.4.08/19.5.08/135.00/
040 _aDPL
_bEN
082 _a920 / ONE
245 _a(One hundred) 100 great leaders:
_bexplore the lives of the powerful leaders ofthe ancient and modern worlds in this fact-filled, illustrated guide to great leaders
260 _aBath
_bRobert Frederick
_c2007
260 _aDelhi
_bStar Book Point (Vendor)
_c2007
270 _a4 North Parade
_bBath BA1 1LF UK
270 _aDelhi
_bG/146 Geeta Colony
_e110031
300 _a46p.
_bcol. photos
_c27 cm (Hb)
942 _2ddc
_cCH
_h920 / ONE
999 _c13323
_d13323